[Event "Aeroflot Open 2016 B"]
[Site "Moscu RUS"]
[Date "2016.03.09"]
[Round "9.6"]
[White "Evdokimov, Alexander A"]
[Black "Kashlinskaya, Alina"]
[Result "1-0"]
[WhiteElo "2490"]
[BlackElo "2454"]
[PlyCount "119"]
[EventDate "2016.03.01"]
[EventType "swiss"]
[EventRounds "9"]
[EventCountry "RUS"]
[Source "lmi"]
[SourceDate "2016.03.01"]

1. d4 d5 2. c4 e6 3. Nf3 Nf6 4. g3 dxc4 5. Bg2 c5 6. O-O Nc6 7. dxc5 Qxd1 8.
Rxd1 Bxc5 9. Nbd2 c3 10. bxc3 O-O 11. Nb3 Be7 12. c4 Bd7 13. Be3 Rfc8 14. Rab1
Be8 15. Nfd4 Ng4 16. Nxc6 Bxc6 17. Bxc6 Nxe3 18. Rd7 Rxc6 19. Rxe7 Nxc4 20.
Rxb7 g5 21. Rc1 h6 22. Nd4 Rb6 23. Re7 Kf8 24. Rc7 Nd6 25. Nf3 Ne8 26. R7c2 Rd8
27. Ne5 Rbd6 28. Nd3 Rd5 29. Rb1 Ra5 30. Rb4 Kg7 31. a4 Rd7 32. Kg2 Nf6 33. Nc5
Rd5 34. Nb3 Ra6 35. a5 Ne8 36. e4 Rd8 37. e5 Kg6 38. Rb7 f6 39. exf6 Kxf6 40.
Re2 Rd5 41. Rc2 Rd8 42. Rc3 Nd6 43. Rh7 Nf5 44. Rcc7 g4 45. h3 Nd4 46. Nc5 Rxa5
47. Rcf7+ Ke5 48. Nb7 Rad5 49. Nxd8 gxh3+ 50. Kxh3 Rxd8 51. Rxh6 Nf5 52. Rh5
Ke4 53. g4 Rd3+ 54. Kg2 Nd4 55. Rxa7 Kf4 56. Ra4 Kxg4 57. Re5 Rg3+ 58. Kf1 Kf4
59. Rxe6 Rd3 60. Kg2 1-0

[Event "Aeroflot Open 2016 B"]
[Site "Moscu RUS"]
[Date "2016.03.09"]
[Round "9.7"]
[White "Arribas Lopez, Angel"]
[Black "Abhishek, Kelkar"]
[Result "1-0"]
[WhiteElo "2543"]
[BlackElo "2375"]
[PlyCount "67"]
[EventDate "2016.03.01"]
[EventType "swiss"]
[EventRounds "9"]
[EventCountry "RUS"]
[Source "lmi"]
[SourceDate "2016.03.01"]

1. e4 c6 2. d4 d5 3. f3 e6 4. Nc3 Bb4 5. a3 Ba5 6. Qd3 Ne7 7. Bd2 Nd7 8. f4 O-O
9. e5 c5 10. b4 cxd4 11. Nb5 Bb6 12. Nf3 Nc6 13. Ng5 g6 14. Qh3 h5 15. g4 f6
16. Nf3 h4 17. Nxh4 fxe5 18. f5 Ne7 19. Bh6 Nf6 20. Bxf8 Qxf8 21. g5 Ne4 22. f6
Qf7 23. Nf3 Nc6 24. Qh6 Qh7 25. Bd3 Qxh6 26. gxh6 Nxf6 27. Rg1 e4 28. Rxg6+ Kf7
29. Rg7+ Kf8 30. Ng5 exd3 31. Rf7+ Kg8 32. Rxf6 Ne5 33. h7+ Kg7 34. Rf8 1-0

[Event "Aeroflot Open 2016 B"]
[Site "Moscu RUS"]
[Date "2016.03.09"]
[Round "9.8"]
[White "Gordievsky, Dmitry"]
[Black "Girya, Olga"]
[Result "1-0"]
[WhiteElo "2524"]
[BlackElo "2452"]
[PlyCount "153"]
[EventDate "2016.03.01"]
[EventType "swiss"]
[EventRounds "9"]
[EventCountry "RUS"]
[Source "lmi"]
[SourceDate "2016.03.01"]

1. Nf3 d5 2. g3 c6 3. Bg2 Bg4 4. d3 Nd7 5. O-O Ngf6 6. Qe1 e5 7. e4 dxe4 8.
dxe4 Be7 9. Nbd2 O-O 10. h3 Bh5 11. Nc4 Qc7 12. a4 Rfe8 13. Bd2 Bf8 14. Ba5 b6
15. Bc3 b5 16. Ba5 Qb7 17. axb5 cxb5 18. Ne3 Rac8 19. Nd2 Nc5 20. h4 Ne6 21. f3
h6 22. Bh3 Nd7 23. c3 Nb8 24. Bb4 Bxb4 25. cxb4 Nc6 26. Nb3 Ncd4 27. Nxd4 exd4
28. Nd5 Rc4 29. Rf2 Bg6 30. Bxe6 fxe6 31. Nf4 Bf7 32. Nd3 e5 33. Ra5 Re7 34.
Qa1 Kh7 35. Kg2 Be8 36. Ra6 Qc7 37. Qa5 Qb8 38. Qa3 Bc6 39. Nc5 Qa8 40. Qb3 Qc8
41. Ra1 Qa8 42. Rc2 Qg8 43. Qd3 Be8 44. b3 Rxc2+ 45. Qxc2 Qf8 46. Nd3 Qf6 47.
Qc5 Bh5 48. Rf1 a6 49. Rf2 Bg6 50. Ra2 Qe6 51. Qc2 Rf7 52. Nc5 Qf6 53. Qd3 Ra7
54. Rf2 Qe7 55. f4 exf4 56. gxf4 Qxh4 57. f5 Bf7 58. Qg3 Qxg3+ 59. Kxg3 a5 60.
bxa5 Rxa5 61. b4 Ra3+ 62. Kf4 g5+ 63. Ke5 g4 64. Rg2 h5 65. Kf6 Bc4 66. e5 Re3
67. e6 g3 68. e7 Bd5 69. Ne6 Bc6 70. Rg1 d3 71. Rh1 Kh6 72. Rc1 g2 73. Rxc6
g1=Q 74. e8=Q Qa1+ 75. Kf7 Qa7+ 76. Kf8 Kh7 77. Qxh5# 1-0

[Event "Aeroflot Open 2016 B"]
[Site "Moscu RUS"]
[Date "2016.03.09"]
[Round "9.9"]
[White "Schreiner, Peter"]
[Black "Kotanjian, Tigran"]
[Result "1/2-1/2"]
[WhiteElo "2446"]
[BlackElo "2487"]
[PlyCount "55"]
[EventDate "2016.03.01"]
[EventType "swiss"]
[EventRounds "9"]
[EventCountry "RUS"]
[Source "lmi"]
[SourceDate "2016.03.01"]

1. d4 d5 2. c4 e6 3. Nf3 Nf6 4. g3 dxc4 5. Bg2 c5 6. O-O Nc6 7. dxc5 Qxd1 8.
Rxd1 Bxc5 9. Nbd2 c3 10. bxc3 O-O 11. Nb3 Be7 12. Nfd4 Bd7 13. Nxc6 Bxc6 14.
Bxc6 bxc6 15. c4 Rab8 16. Kg2 h6 17. Rd3 Rb6 18. Be3 Rb4 19. Na5 Rc8 20. Bxa7
Ra4 21. Bb6 c5 22. a3 Kf8 23. Rb1 Ke8 24. Bc7 Bf8 25. Rb7 Rxc7 26. Rxc7 Rxa5
27. Rc8+ Ke7 28. Rc7+ 1/2-1/2

[Event "Aeroflot Open 2016 B"]
[Site "Moscu RUS"]
[Date "2016.03.09"]
[Round "9.10"]
[White "Venkatesh, M.R."]
[Black "Potapov, Pavel"]
[Result "1/2-1/2"]
[WhiteElo "2443"]
[BlackElo "2486"]
[PlyCount "40"]
[EventDate "2016.03.01"]
[EventType "swiss"]
[EventRounds "9"]
[EventCountry "RUS"]
[Source "lmi"]
[SourceDate "2016.03.01"]

1. Nf3 f5 2. d3 Nc6 3. d4 e6 4. g3 Nf6 5. Bg2 Be7 6. O-O O-O 7. c4 d5 8. cxd5
exd5 9. Nc3 Ne4 10. Qb3 Nxc3 11. Qxc3 Be6 12. Be3 h6 13. Ne1 Bb4 14. Qc2 Bxe1
15. Raxe1 Ne7 16. b4 Nc8 17. Rc1 c6 18. b5 Bd7 19. Bf4 Nb6 20. Qc5 Rc8 1/2-1/2

[Event "Aeroflot Open 2016 B"]
[Site "Moscu RUS"]
[Date "2016.03.09"]
[Round "9.11"]
[White "Baghdasaryan, Vahe"]
[Black "Petrosyan, Manuel"]
[Result "1/2-1/2"]
[WhiteElo "2436"]
[BlackElo "2484"]
[PlyCount "169"]
[EventDate "2016.03.01"]
[EventType "swiss"]
[EventRounds "9"]
[EventCountry "RUS"]
[Source "lmi"]
[SourceDate "2016.03.01"]

1. Nf3 d5 2. g3 g6 3. Bg2 Bg7 4. c4 dxc4 5. Na3 e5 6. Qc2 Nc6 7. Nxc4 Nge7 8.
d3 O-O 9. O-O h6 10. Bd2 Nd5 11. Rac1 Be6 12. a3 a6 13. e4 Nde7 14. Bc3 f6 15.
Ne3 Rc8 16. Rfd1 Nd4 17. Bxd4 exd4 18. Nc4 c5 19. Qd2 Nc6 20. Qe2 b5 21. Ncd2
Qb6 22. Nh4 Bf7 23. Bh3 Rc7 24. Rf1 Na5 25. f4 c4 26. e5 f5 27. b4 cxd3 28.
Qxd3 Nc4 29. Nb3 Rd8 30. Rf2 Bxe5 31. fxe5 Nxe5 32. Qd1 Rxc1 33. Nxc1 d3 34.
Nb3 Bxb3 35. Qxb3+ Nc4 36. Bf1 d2 37. Be2 Qd4 38. Bd1 Qe3 39. Nxg6 Qxb3 40.
Bxb3 d1=Q+ 41. Bxd1 Rxd1+ 42. Kg2 Ne3+ 43. Kh3 Rd3 44. Ne7+ Kf7 45. Nxf5 Nxf5
46. Rxf5+ Kg7 47. Kg4 Rxa3 48. Kh5 Ra2 49. h4 Ra3 50. g4 Rd3 51. Rc5 Rd7 52.
Re5 Kf6 53. Rf5+ Kg7 54. Rc5 Kh7 55. Rc6 Rd5+ 56. g5 hxg5 57. hxg5 Rd4 58. Rxa6
Rxb4 59. Ra7+ Kg8 60. Kg6 Kf8 61. Rf7+ Ke8 62. Rb7 Rb1 63. Kf6 Rf1+ 64. Kg7 Rb1
65. g6 b4 66. Kf6 Rf1+ 67. Kg7 Rb1 68. Kh7 b3 69. g7 Rh1+ 70. Kg6 Rg1+ 71. Kf6
Rf1+ 72. Ke6 Re1+ 73. Kf5 Rf1+ 74. Ke5 Rg1 75. Kf6 Rf1+ 76. Kg6 Rg1+ 77. Kh7
Rh1+ 78. Kg8 Rh3 79. Rb8+ Ke7 80. Rb6 Rg3 81. Rb7+ Kd6 82. Kf7 Rf3+ 83. Kg6
Rg3+ 84. Kf6 Rf3+ 85. Kg6 1/2-1/2

[Event "Aeroflot Open 2016 B"]
[Site "Moscu RUS"]
[Date "2016.03.09"]
[Round "9.12"]
[White "Papin, Vasily"]
[Black "Sagar, Shah"]
[Result "1/2-1/2"]
[WhiteElo "2476"]
[BlackElo "2425"]
[PlyCount "156"]
[EventDate "2016.03.01"]
[EventType "swiss"]
[EventRounds "9"]
[EventCountry "RUS"]
[Source "lmi"]
[SourceDate "2016.03.01"]

1. d4 d6 2. Nf3 f5 3. Nbd2 Nf6 4. b3 e5 5. dxe5 dxe5 6. e3 e4 7. Nd4 Bb4 8. Bb2
c5 9. Ne2 Be6 10. Nf4 Bf7 11. Bb5+ Nc6 12. Qe2 O-O 13. Rd1 Qe7 14. Bxc6 bxc6
15. O-O Nd5 16. Nc4 Nc3 17. Bxc3 Bxc3 18. Nd6 g6 19. Qa6 Be5 20. Nxf7 Qxf7 21.
Qxc6 Rac8 22. Qb5 Bxf4 23. exf4 Rc7 24. Rd6 c4 25. Rfd1 cxb3 26. cxb3 Qe8 27.
Qa5 Qe7 28. h3 Rfc8 29. Qd5+ Qf7 30. Qe5 Qe7 31. Re6 Qc5 32. Qf6 Qf8 33. Qd4
Qc5 34. Qa4 Qc2 35. Red6 Qc3 36. Kh2 Kg7 37. Ra6 Qc5 38. Rd7+ Kh6 39. Rd2 e3
40. fxe3 Qxe3 41. Qd4 Qxd4 42. Rxd4 Re8 43. Rad6 Re2 44. Rd2 Ree7 45. R6d5 Kg7
46. Kg3 Kh6 47. Kf3 Kh5 48. g3 Rc3+ 49. R5d3 Rcc7 50. Re3 Rxe3+ 51. Kxe3 h6 52.
Rd3 g5 53. Kf3 Rc6 54. b4 Rc4 55. fxg5 hxg5 56. b5 f4 57. Ra3 fxg3 58. Rxa7 Rb4
59. a4 Rb3+ 60. Kg2 g4 61. Rh7+ Kg6 62. Rc7 gxh3+ 63. Kxh3 Rb4 64. Rc6+ Kf5 65.
Rc5+ Kf4 66. a5 Rb2 67. Rc4+ Kf3 68. Rc3+ Kf4 69. Rxg3 Rxb5 70. Rg4+ Kf5 71.
Ra4 Rb8 72. a6 Ke6 73. a7 Ra8 74. Kg4 Kd6 75. Kf4 Kc6 76. Ke4 Kb6 77. Kd4 Rxa7
78. Rxa7 Kxa7 1/2-1/2

[Event "Aeroflot Open 2016 B"]
[Site "Moscu RUS"]
[Date "2016.03.09"]
[Round "9.13"]
[White "Moskalenko, Alexander"]
[Black "Oganian, Miran"]
[Result "1/2-1/2"]
[WhiteElo "2475"]
[BlackElo "2422"]
[PlyCount "100"]
[EventDate "2016.03.01"]
[EventType "swiss"]
[EventRounds "9"]
[EventCountry "RUS"]
[Source "lmi"]
[SourceDate "2016.03.01"]

1. e4 c5 2. Nf3 Nc6 3. d4 cxd4 4. Nxd4 Qc7 5. Nc3 e6 6. g3 a6 7. Bg2 Nf6 8. O-O
Nxd4 9. Qxd4 Bc5 10. Bf4 d6 11. Qd2 h6 12. Rad1 e5 13. Be3 Bg4 14. Bxc5 dxc5
15. Qd6 Rc8 16. f3 Be6 17. f4 Qxd6 18. Rxd6 Ke7 19. fxe5 Nd7 20. Nd5+ Ke8 21.
Nf4 Ke7 22. Rxe6+ fxe6 23. Ng6+ Ke8 24. Bh3 Rc6 25. Nxh8 Nxe5 26. Bf5 exf5 27.
exf5 Ke7 28. Rd1 Kf6 29. Ng6 Nxg6 30. fxg6 Kxg6 31. Rd7 b6 32. a4 a5 33. Kf2
Re6 34. Kf3 Kf6 35. h4 g6 36. c3 g5 37. Kg4 Kg6 38. h5+ Kf6 39. Kf3 Kf5 40.
Rf7+ Ke5 41. b3 Rc6 42. Re7+ Kf6 43. Rh7 Ke5 44. Re7+ Kf6 45. Rb7 Kf5 46. g4+
Ke5 47. Re7+ Kf6 48. Rh7 Ke5 49. Re7+ Kf6 50. Rh7 Ke5 1/2-1/2

[Event "Aeroflot Open 2016 B"]
[Site "Moscu RUS"]
[Date "2016.03.09"]
[Round "9.14"]
[White "Tsydypov, Zhamsaran"]
[Black "Golubov, Saveliy"]
[Result "1-0"]
[WhiteElo "2425"]
[BlackElo "2469"]
[PlyCount "159"]
[EventDate "2016.03.01"]
[EventType "swiss"]
[EventRounds "9"]
[EventCountry "RUS"]
[Source "lmi"]
[SourceDate "2016.03.01"]

1. e4 Nf6 2. e5 Nd5 3. Nf3 d6 4. d4 Bg4 5. Be2 Nc6 6. O-O Qd7 7. exd6 exd6 8.
h3 Bh5 9. Re1 Be7 10. c4 Nb6 11. Nc3 O-O 12. b3 Rfe8 13. Be3 Bf6 14. Qd2 Qd8
15. d5 Ne7 16. g4 Bg6 17. Nd4 c5 18. dxc6 bxc6 19. Rad1 d5 20. c5 Nd7 21. f4
Qb8 22. Bf3 h6 23. Bf2 Qb7 24. Rxe7 Bxe7 25. Nxc6 Bxc5 26. Nxd5 Be4 27. Nce7+
Rxe7 28. Nxe7+ Bxe7 29. Qxd7 Qxd7 30. Rxd7 Bxf3 31. Rxe7 a5 32. Re3 Bd5 33. Re5
Bc6 34. Bb6 a4 35. b4 Rb8 36. Ba5 a3 37. Re3 Bd5 38. Rxa3 Rc8 39. Kf2 Rc2+ 40.
Ke3 Bxa2 41. b5 Bd5 42. Kd4 Bg2 43. Re3 Kh7 44. Bc3 h5 45. gxh5 Kh6 46. Rg3 Bb7
47. Kc5 f6 48. b6 Bh1 49. Kd6 Kxh5 50. Kc7 g5 51. b7 Bxb7 52. Kxb7 gxf4 53. Rf3
Kg5 54. Kc6 Rg2 55. Be1 Kf5 56. Kd5 Rg8 57. Rd3 Re8 58. Bb4 Re5+ 59. Kd4 Re4+
60. Kc3 Re8 61. Bd6 Rc8+ 62. Kd4 Re8 63. Rf3 Re4+ 64. Kc3 Kg5 65. Kd3 Kf5 66.
Ba3 Ra4 67. Bc1 Kg5 68. Ke2 Ra2+ 69. Bd2 Ra4 70. Kf2 Kf5 71. Rb3 Ra2 72. Ke2
Ke4 73. Rb4+ Ke5 74. Rc4 f3+ 75. Ke3 f2 76. Bc3+ Kf5 77. Rf4+ Kg5 78. Bxf6+ Kh5
79. Be7 Ra7 80. Bf8 1-0

[Event "Aeroflot Open 2016 B"]
[Site "Moscu RUS"]
[Date "2016.03.09"]
[Round "9.15"]
[White "Gurvich, Vitaly"]
[Black "Nikolenko, Oleg"]
[Result "0-1"]
[WhiteElo "2338"]
[BlackElo "2511"]
[PlyCount "76"]
[EventDate "2016.03.01"]
[EventType "swiss"]
[EventRounds "9"]
[EventCountry "RUS"]
[Source "lmi"]
[SourceDate "2016.03.01"]

1. d4 Nf6 2. c4 e6 3. Nf3 Bb4+ 4. Bd2 Qe7 5. g3 Nc6 6. Nc3 Bxc3 7. Bxc3 Ne4 8.
Rc1 d6 9. d5 Nxc3 10. Rxc3 Nd8 11. dxe6 fxe6 12. Bg2 O-O 13. O-O Nf7 14. c5 d5
15. Re1 Rd8 16. Nd2 e5 17. e4 d4 18. Rc1 a5 19. c6 bxc6 20. Rxc6 Bb7 21. Rc1 c5
22. f4 exf4 23. gxf4 Ra6 24. Nc4 Rg6 25. Qd3 Re8 26. Kh1 Qh4 27. Nxa5 Ba8 28.
Re2 Rxg2 29. Rxg2 Rxe4 30. Rcg1 Rxf4 31. Qa6 Bxg2+ 32. Rxg2 Qe1+ 33. Rg1 Qe4+
34. Rg2 Nd6 35. Qe2 Qxe2 36. Rxe2 d3 37. Re1 Rf2 38. Rd1 c4 0-1

[Event "Aeroflot Open 2016 B"]
[Site "Moscu RUS"]
[Date "2016.03.09"]
[Round "9.16"]
[White "Hayrapetyan, Hovik"]
[Black "Balashov, Yuri S"]
[Result "1/2-1/2"]
[WhiteElo "2480"]
[BlackElo "2408"]
[PlyCount "106"]
[EventDate "2016.03.01"]
[EventType "swiss"]
[EventRounds "9"]
[EventCountry "RUS"]
[Source "lmi"]
[SourceDate "2016.03.01"]

1. d4 Nf6 2. c4 g6 3. Nf3 Bg7 4. Nc3 O-O 5. g3 d5 6. cxd5 Nxd5 7. Bg2 Nb6 8.
O-O Nc6 9. e3 Re8 10. Qe2 e5 11. dxe5 Qe7 12. Rd1 Nxe5 13. Nxe5 Bxe5 14. Bd2 c6
15. f4 Bxc3 16. Bxc3 Bf5 17. Be5 f6 18. Bd4 Be4 19. Bxe4 Qxe4 20. Bxf6 Qxe3+
21. Qxe3 Rxe3 22. Kf2 Re6 23. Bd4 Nd5 24. Re1 Rxe1 25. Rxe1 Kf7 26. a3 b6 27.
Kf3 Rd8 28. Be5 Ne7 29. g4 Rd2 30. h3 a5 31. Rh1 a4 32. Ke3 Rg2 33. Rd1 Rg3+
34. Ke4 Rxh3 35. Rd7 Rh1 36. Bc3 h5 37. gxh5 Rxh5 38. Rb7 Rb5 39. Bb4 c5 40.
Bc3 Ke6 41. Ra7 Nd5 42. Rxa4 Rb3 43. Ra6 Kd6 44. Kd3 Nxc3 45. bxc3 Kd5 46. a4
c4+ 47. Kc2 Ke4 48. Ra7 Kxf4 49. Rc7 b5 50. axb5 Rxb5 51. Rxc4+ Ke5 52. Kd3
Rd5+ 53. Ke3 g5 1/2-1/2

[Event "Aeroflot Open 2016 B"]
[Site "Moscu RUS"]
[Date "2016.03.09"]
[Round "9.17"]
[White "Dvalishvili, Pavel S"]
[Black "Wang, Jue"]
[Result "1-0"]
[WhiteElo "2442"]
[BlackElo "2369"]
[PlyCount "119"]
[EventDate "2016.03.01"]
[EventType "swiss"]
[EventRounds "9"]
[EventCountry "RUS"]
[Source "lmi"]
[SourceDate "2016.03.01"]

1. e4 c5 2. Nf3 d6 3. Bb5+ Nd7 4. c3 Ngf6 5. Qe2 a6 6. Ba4 b5 7. Bc2 Bb7 8. O-O
e6 9. d4 Be7 10. a4 O-O 11. Re1 Qc7 12. Bg5 cxd4 13. cxd4 b4 14. Bd3 g6 15. a5
e5 16. Nbd2 Rfe8 17. dxe5 dxe5 18. Nb3 Bf8 19. Rac1 Qb8 20. Red1 h6 21. Be3 Rc8
22. Nfd2 Qd6 23. Bc4 Qe7 24. f3 Nh5 25. g3 Nhf6 26. Bd3 Qe6 27. Kg2 Kg7 28. Qf1
h5 29. Rxc8 Rxc8 30. Rc1 Rxc1 31. Qxc1 Qd6 32. Be2 h4 33. Qc4 Nh5 34. Qd3 Qe6
35. Qc4 Qd6 36. Qc2 Be7 37. Nc4 Qc7 38. Qd2 hxg3 39. hxg3 f5 40. Nb6 Ndf6 41.
exf5 gxf5 42. Qc1 Qd6 43. Bc5 Qe6 44. Bxe7 Qxe7 45. Qg5+ Kh7 46. Qxf5+ Kh6 47.
Kf2 Ng7 48. Qc2 e4 49. Qc5 Qf7 50. f4 e3+ 51. Qxe3 Ne4+ 52. Ke1 Nf5 53. Qd3 Qf6
54. Nd5 Qe6 55. g4 Bxd5 56. gxf5 Qxf5 57. Nd2 Qxf4 58. Qxd5 Qh4+ 59. Kd1 Qh1+
60. Kc2 1-0

[Event "Aeroflot Open 2016 B"]
[Site "Moscu RUS"]
[Date "2016.03.09"]
[Round "9.18"]
[White "Konovalov, Nikolay"]
[Black "Iljin, Timofey"]
[Result "1/2-1/2"]
[WhiteElo "2437"]
[BlackElo "2330"]
[PlyCount "80"]
[EventDate "2016.03.01"]
[EventType "swiss"]
[EventRounds "9"]
[EventCountry "RUS"]
[Source "lmi"]
[SourceDate "2016.03.01"]

1. e4 c5 2. c4 Nc6 3. Nc3 g6 4. g3 Bg7 5. Bg2 Rb8 6. Nge2 a6 7. a4 e6 8. O-O
Nge7 9. Rb1 O-O 10. d3 d6 11. Be3 Nd4 12. b4 cxb4 13. Rxb4 Nec6 14. Rb1 Bd7 15.
Bf4 Nxe2+ 16. Nxe2 Ne5 17. Qc2 b5 18. axb5 axb5 19. cxb5 Bxb5 20. d4 Rc8 21.
Qd1 Bxe2 22. Qxe2 Nc6 23. d5 exd5 24. exd5 Nd4 25. Qd3 Re8 26. Rfe1 Be5 27. Be3
Nc2 28. Re2 Rc3 29. Qd2 Nxe3 30. Rxe3 Rxe3 31. Qxe3 Kg7 32. Re1 Qf6 33. Qf3 Rc8
34. Qxf6+ Kxf6 35. h4 h5 36. Bf3 Rc3 37. Kg2 Bd4 38. Re2 Bc5 39. Ra2 Rd3 40.
Re2 Bd4 1/2-1/2

[Event "Aeroflot Open 2016 B"]
[Site "Moscu RUS"]
[Date "2016.03.09"]
[Round "9.19"]
[White "Ovod, Evgenija"]
[Black "Guo, Qi"]
[Result "0-1"]
[WhiteElo "2324"]
[BlackElo "2435"]
[PlyCount "156"]
[EventDate "2016.03.01"]
[EventType "swiss"]
[EventRounds "9"]
[EventCountry "RUS"]
[Source "lmi"]
[SourceDate "2016.03.01"]

1. d4 Nf6 2. c4 e6 3. Nc3 Bb4 4. e3 b6 5. Bd3 Bb7 6. Nf3 O-O 7. O-O d5 8. a3
Bd6 9. cxd5 exd5 10. b4 Nbd7 11. Qb3 a6 12. a4 Qe7 13. b5 axb5 14. Nxb5 c5 15.
Nxd6 Qxd6 16. Ba3 Bc6 17. Bb5 Rfc8 18. Rfc1 Bxb5 19. Qxb5 Ne4 20. Bb2 c4 21.
Ba3 Qc6 22. Bb4 Ra7 23. Ne1 f5 24. Nc2 Ndf6 25. f3 Ng5 26. Qxc6 Rxc6 27. a5
bxa5 28. Rxa5 Rb7 29. Rca1 Ne6 30. Ra7 Rcc7 31. Rxb7 Rxb7 32. Ra6 Kf7 33. Kf2
f4 34. g3 g5 35. gxf4 gxf4 36. Ra5 fxe3+ 37. Kxe3 Kg6 38. Ra6 Kf7 39. f4 Ng7
40. f5 Nxf5+ 41. Kf4 Ne7 42. h3 Ng6+ 43. Kf5 Ne4 44. Ba3 Kg7 45. Ke6 Nc3 46.
Bd6 Rf7 47. Be5+ Kg8 48. Ra8+ Rf8 49. Rxf8+ Nxf8+ 50. Kd6 Ng6 51. Ke6 Nf8+ 52.
Kd6 Kf7 53. Ne3 Ng6 54. Nf5 Nd1 55. Kxd5 c3 56. Nh6+ Ke8 57. Bd6 Ne3+ 58. Ke4
Nc4 59. Kd3 Nxd6 60. Kxc3 Ne4+ 61. Kc4 Ke7 62. d5 Ng5 63. Kc5 Nxh3 64. Ng8+ Kf7
65. d6 Nhf4 66. Nh6+ Kg7 67. Nf5+ Kf6 68. Nh6 Ne5 69. Kd4 Nf7 70. Ng8+ Ke6 71.
d7 Ng6 72. Ke4 Nge5 73. Nh6 Nxd7 74. Nf5 Nd6+ 75. Nxd6 Kxd6 76. Kf5 Ke7 77. Kg5
Kf7 78. Kh6 Kg8 0-1

[Event "Aeroflot Open 2016 B"]
[Site "Moscu RUS"]
[Date "2016.03.09"]
[Round "9.20"]
[White "Sychev, Klementy"]
[Black "Kathmale, Sameer"]
[Result "1-0"]
[WhiteElo "2424"]
[BlackElo "2216"]
[PlyCount "120"]
[EventDate "2016.03.01"]
[EventType "swiss"]
[EventRounds "9"]
[EventCountry "RUS"]
[Source "lmi"]
[SourceDate "2016.03.01"]

1. d4 d5 2. c4 c6 3. Nf3 Nf6 4. Nc3 dxc4 5. a4 Bf5 6. Ne5 e6 7. f3 c5 8. e4 Bg6
9. Be3 cxd4 10. Qxd4 Qxd4 11. Bxd4 a6 12. Bxc4 Nfd7 13. Nxd7 Nxd7 14. Rc1 Rg8
15. h4 h6 16. Kf2 Bd6 17. Ba2 Ke7 18. h5 Bh7 19. Ne2 f6 20. g3 Rgc8 21. Nf4 Bg8
22. Ng6+ Ke8 23. Rhd1 Rxc1 24. Rxc1 Bf7 25. f4 Bxg6 26. hxg6 Ke7 27. Kf3 Rd8
28. Rc3 h5 29. a5 Nb8 30. Rb3 Rd7 31. e5 fxe5 32. fxe5 Bc7 33. Ke4 Nc6 34. Bc5+
Kd8 35. Rxb7 Bxe5 36. Rb6 Kc7 37. Bxe6 Rd1 38. Bd5 Re1+ 39. Kd3 Rd1+ 40. Ke4
Re1+ 41. Kf3 Nd4+ 42. Bxd4 Bxd4 43. Rc6+ Kd7 44. b4 Re5 45. Rxa6 Rxd5 46. Ke4
Rg5 47. Kxd4 Rg4+ 48. Kc5 Rg5+ 49. Kc4 Kc8 50. Rc6+ Kb8 51. Rc5 Rg4+ 52. Kb5
Rxg6 53. Rxh5 Rxg3 54. Rf5 Rg6 55. Rf8+ Kb7 56. a6+ Ka7 57. Rf7+ Ka8 58. Ka5
Kb8 59. b5 Rg5 60. a7+ Ka8 1-0

[Event "Aeroflot Open 2016 B"]
[Site "Moscu RUS"]
[Date "2016.03.09"]
[Round "9.21"]
[White "Savitskiy, Sergey"]
[Black "Wang, Chen"]
[Result "1/2-1/2"]
[WhiteElo "2407"]
[BlackElo "2526"]
[PlyCount "74"]
[EventDate "2016.03.01"]
[EventType "swiss"]
[EventRounds "9"]
[EventCountry "RUS"]
[Source "lmi"]
[SourceDate "2016.03.01"]

1. e4 c5 2. Nf3 e6 3. d4 cxd4 4. Nxd4 Nc6 5. Nc3 Qc7 6. f4 a6 7. Nb3 d6 8. Be3
Nf6 9. Qf3 b5 10. Bd3 Bb7 11. O-O Be7 12. Qh3 Nb4 13. a3 Nxd3 14. cxd3 O-O 15.
Rac1 Qd8 16. Nd4 Rc8 17. b4 Nd7 18. Nce2 Bf6 19. Rxc8 Qxc8 20. Rc1 Qb8 21. f5
e5 22. Nc6 Qa8 23. Na5 Rc8 24. Qf3 Bd8 25. Nxb7 Rxc1+ 26. Bxc1 Qxb7 27. h3 h6
28. Kh2 Qc6 29. Qg3 Kf8 30. Qe1 d5 31. Nc3 d4 32. Nd5 Nf6 33. Nxf6 Bxf6 34. Bd2
Qc2 35. Qc1 Qxc1 36. Bxc1 Kg8 37. g3 Kh7 1/2-1/2

[Event "Aeroflot Open 2016 B"]
[Site "Moscu RUS"]
[Date "2016.03.09"]
[Round "9.22"]
[White "Kanter, Eduard"]
[Black "Rogozenco, Dorian"]
[Result "1/2-1/2"]
[WhiteElo "2353"]
[BlackElo "2500"]
[PlyCount "53"]
[EventDate "2016.03.01"]
[EventType "swiss"]
[EventRounds "9"]
[EventCountry "RUS"]
[Source "lmi"]
[SourceDate "2016.03.01"]

1. d4 Nf6 2. Nf3 d6 3. c4 g6 4. Nc3 Bg7 5. e4 O-O 6. Be2 e5 7. O-O Nc6 8. Be3
Ng4 9. Bg5 f6 10. Bh4 g5 11. Bg3 Nh6 12. dxe5 fxe5 13. c5 g4 14. Bc4+ Kh8 15.
Ne1 Nd4 16. cxd6 Qxd6 17. Nc2 Nxc2 18. Qxc2 c6 19. Rad1 Qe7 20. Rd2 Nf7 21. Nd1
h5 22. f3 Ng5 23. fxg4 Bxg4 24. h3 Be6 25. Rdf2 Rxf2 26. Bxf2 Rf8 27. Be3
1/2-1/2

[Event "Aeroflot Open 2016 B"]
[Site "Moscu RUS"]
[Date "2016.03.09"]
[Round "9.23"]
[White "Dai, Changren"]
[Black "Pavlovic, Milos"]
[Result "0-1"]
[WhiteElo "2353"]
[BlackElo "2494"]
[PlyCount "64"]
[EventDate "2016.03.01"]
[EventType "swiss"]
[EventRounds "9"]
[EventCountry "RUS"]
[Source "lmi"]
[SourceDate "2016.03.01"]

1. e4 c6 2. d4 d5 3. e5 Bf5 4. Nf3 e6 5. Be2 Nd7 6. O-O h6 7. Nbd2 Ne7 8. Nb3
Bh7 9. a4 Ng6 10. a5 a6 11. Be3 Be7 12. g3 O-O 13. h4 f6 14. h5 Nh8 15. exf6
Bxf6 16. Nh2 Nf7 17. Ng4 Nd6 18. Bf4 Ne4 19. Nxf6+ Rxf6 20. Nd2 Rxf4 21. gxf4
Qh4 22. Bg4 Re8 23. Nxe4 Bxe4 24. Bf3 Nf6 25. Bxe4 dxe4 26. f3 Nxh5 27. fxe4
Nxf4 28. Ra3 Rf8 29. Qf3 Rf6 30. Rfa1 Rg6+ 31. Kf1 Qh2 32. Qf2 Qh1+ 0-1

[Event "Aeroflot Open 2016 B"]
[Site "Moscu RUS"]
[Date "2016.03.09"]
[Round "9.24"]
[White "Kharchenko, Boris"]
[Black "Praggnanandhaa, R."]
[Result "0-1"]
[WhiteElo "2488"]
[BlackElo "2339"]
[PlyCount "64"]
[EventDate "2016.03.01"]
[EventType "swiss"]
[EventRounds "9"]
[EventCountry "RUS"]
[Source "lmi"]
[SourceDate "2016.03.01"]

1. e4 e5 2. Nf3 Nc6 3. Bc4 Nf6 4. d4 exd4 5. e5 d5 6. Bb5 Ne4 7. Nxd4 Bd7 8.
Bxc6 bxc6 9. O-O Rb8 10. Nb3 Be7 11. Be3 a6 12. N1d2 Nxd2 13. Qxd2 f6 14. Bd4
fxe5 15. Bxe5 O-O 16. Qc3 Rf7 17. Qg3 Rb4 18. Bxc7 Qc8 19. Be5 Rg4 20. Qc3 c5
21. f3 Rg6 22. Qa5 Bd8 23. Qd2 Be6 24. Kh1 d4 25. Qf2 Bd5 26. Nd2 Qf5 27. Bg3
Bg5 28. Ne4 Be3 29. Qe1 Qh5 30. Nxc5 Rxf3 31. Rxf3 Qxf3 32. Qf1 Qxg3 0-1

[Event "Aeroflot Open 2016 B"]
[Site "Moscu RUS"]
[Date "2016.03.09"]
[Round "9.25"]
[White "Strelnikov, Sergey"]
[Black "Ulko, Jaroslav"]
[Result "1/2-1/2"]
[WhiteElo "2349"]
[BlackElo "2452"]
[PlyCount "81"]
[EventDate "2016.03.01"]
[EventType "swiss"]
[EventRounds "9"]
[EventCountry "RUS"]
[Source "lmi"]
[SourceDate "2016.03.01"]

1. Nf3 Nf6 2. c4 g6 3. Nc3 Bg7 4. e4 d6 5. d4 O-O 6. Be2 e5 7. d5 Na6 8. Bg5 h6
9. Bh4 g5 10. Bg3 Nh5 11. Nd2 Nf4 12. O-O f5 13. exf5 Nxe2+ 14. Qxe2 Bxf5 15.
Nde4 b6 16. f3 Qd7 17. h3 Qe7 18. Rab1 Nc5 19. b4 Nxe4 20. fxe4 Bg6 21. Bf2 a5
22. a3 axb4 23. axb4 Rf4 24. g3 Rf7 25. Ra1 Raf8 26. Be3 Rxf1+ 27. Rxf1 Rxf1+
28. Qxf1 h5 29. g4 hxg4 30. hxg4 Bf6 31. Kg2 Kg7 32. Qf3 Qe8 33. Ne2 Qa4 34.
Ng3 Qc2+ 35. Kh3 Bd8 36. Nh5+ Kg8 37. Nf6+ Bxf6 38. Qxf6 Qxe4 39. Qd8+ Kh7 40.
Qe7+ Kg8 41. Qd8+ 1/2-1/2